[Event "Club Championships"]
[Site "Wellington Chess Club"]
[Date "2014.11.27"]
[Round "10"]
[White "Patuwai, Bubbles"]
[Black "Sknar, Andrew"]
[Result "1-0"]
[WhiteElo "1280"]
[BlackElo "1039"]

1. d4 d5 2. g3 e6 3. Nf3 Nf6 4. e3 Nc6 5. Bg2 Bb4+ 6. Nc3 Bxc3+ 7. bxc3 Qd6 8.
O-O Ne4 9. Bb2 O-O 10. Ne5 Nxe5 11. dxe5 Qxe5 12. Qd3 Bd7 13. Rab1 a6 14. c4
Qf5 15. cxd5 Bb5 16. Qxe4 Bxf1 17. Qxf5 exf5 18. Kxf1 Rad8 19. c4 c6 20. dxc6
bxc6 21. Bxc6 Rb8 22. f4 Rfd8 23. Ke2 Rb6 24. Bd5 Rdb8 25. Rd1 Rxb2+ 26. Kf3
Rd8 27. c5 Rb5 28. Bxf7+ Kxf7 29. Rxd8 Rxc5 30. h3 Rc2 31. Rd7+ Kf8 32. a4 Rc4
33. Rd5 g6 34. a5 Rc6 35. g4 fxg4+ 36. hxg4 Ke7 37. g5 Ke6 38. e4 Rc3+ 39. Ke2
Rc2+ 40. Kd3 Rf2 41. Re5+ Kf7 42. Ke3 Rc2 43. Rd5 Ke6 44. Rd2 Rc3+ 45. Rd3 Rc4
46. Rb3 Ra4 47. Rb6+ Kd7 48. Rxa6 Ra3+ 49. Kd4 Ra4+ 50. Kd5 Ke7 51. Ra7+ Kd8
52. a6 Ra5+ 53. Ke6 Kc8 54. Kf6 Kb8 55. Rxh7 Rxa6+ 56. Ke5 Ra5+ 57. Kd4 Ra4+
58. Ke3 Ra3+ 59. Kf2 Ra2+ 60. Kg3 Ra3+ 61. Kg4 Ra1 62. f5 gxf5+ 63. exf5 Rg1+
64. Kh5 Rh1+ 65. Kg6 Ra1 66. f6 Ra6 67. Kg7 Ra7+ 68. f7 Re7 69. Kf6 Rc7 70. g6
Rc6+ 71. Kg5 Rc5+ 72. Kh6 Rc8 73. g7 Rc6+ 74. Kg5 Rc5+ 75. Kf6 Rc6+ 76. Ke5
Rc5+ 77. Ke6 Rc8 78. Kd7 Rc7+ 79. Ke6 Rc6+ 80. Kd7 Rc7+ 81. Ke8 Rc8+ 82. Ke7
Rc7+ 83. Kf6 Rc6+ 84. Kf5 Rc5+ 85. Kf4 Rc4+ 86. Ke3 Rc3+ 87. Kd2 Rc8 88. f8=N
{they played another 32 moves in this manner} 1-0

[Event "Club Championships"]
[Site "Wellington Chess Club"]
[Date "2014.11.28"]
[Round "5"]
[White "Barr, Nick"]
[Black "Sole, Michael"]
[Result "0-1"]
[WhiteElo "1481"]
[BlackElo "1746"]

1. d4 d5 2. c4 e6 3. Nc3 Nf6 4. cxd5 exd5 5. Bg5 Nbd7 6. e3 Be7 7. Bd3 O-O 8.
Qc2 h6 9. Bh4 b6 10. Nf3 c5 11. dxc5 Nxc5 12. Be2 Bb7 13. Nd4 Rc8 14. Qd1 $6
Nfe4 15. Bxe7 Qxe7 16. Rc1 Nxc3 17. Rxc3 Ne4 18. Rb3 Rc5 19. O-O Rfc8 20. f3
Nd6 21. Ra3 a6 22. Qd3 Nc4 23. Rb3 Re8 24. Nf5 $2 Qe6 25. Kf2 $2 Bc8 26. Nd4
Qf6 27. Qd1 Qh4+ 28. Kg1 Nxe3 29. Qe1 $4 Qxd4 30. Qf2 Nf5 $2 31. Rxb6 Qxf2+ $2
(31... Rxe2) 32. Kxf2 Rc2 33. Re1 Nd4 34. Rb8 Rexe2+ 35. Rxe2 Rxe2+ 36. Kg3 { }
36... Re8 37. b4 Nb5 38. a4 Nc3 39. b5 Bd7 40. Rb7 Bxb5 41. axb5 axb5 42. Rb6
Rc8 43. Kf2 Re8 44. g4 Kf8 45. h4 Re2+ 46. Kg3 Ke7 47. g5 hxg5 48. hxg5 Kd7 49.
Kg4 Kc7 50. Ra6 Kd7 51. Kf5 g6+ 52. Kf6 Re6+ 53. Rxe6 fxe6 54. Kxg6 Ke7 55. Kh7
b4 56. g6 b3 57. g7 b2 58. g8=Q b1=Q+ 59. Qg6 Qxg6+ 60. Kxg6 d4 61. f4 d3 62.
f5 exf5 63. Kxf5 d2 0-1

[Event "Club Championships"]
[Site "Wellington Chess Club"]
[Date "2014.12.04"]
[Round "1"]
[White "Sole, Michael"]
[Black "Coghini, Phillip"]
[Result "1-0"]
[WhiteElo "1746"]
[BlackElo "1747"]

1. e4 c5 2. Nf3 d6 3. d4 cxd4 4. Nxd4 Nf6 5. Nc3 a6 6. f3 g6 7. Be3 Bg7 8. Bc4
e6 9. Qd2 Qc7 10. Bb3 O-O 11. O-O-O b5 12. a3 Rd8 13. h4 Bb7 14. g4 Nc6 15. h5
d5 16. hxg6 hxg6 17. Bh6 Bf8 18. Nxc6 Bxc6 19. Bxf8 Kxf8 20. Qh6+ Ke7 21. Qg5
e5 22. exd5 Bb7 23. d6+ Rxd6 24. Qxe5+ 1-0

[Event "Club Championships"]
[Site "Wellington Chess Club"]
[Date "2014.12.04"]
[Round "1"]
[White "Stracy, Don"]
[Black "Brockway, Andrew"]
[Result "0-1"]
[WhiteElo "1863"]
[BlackElo "1791"]

1. e4 c5 2. Nf3 g6 3. d4 cxd4 4. Qxd4 Nf6 5. Bb5 Nc6 6. Bxc6 dxc6 7. Qxd8+ Kxd8
8. Nc3 Bg7 9. Bf4 Nh5 10. O-O-O+ Ke8 11. Be5 Bh6+ 12. Kb1 f6 13. Bd4 Bg4 14.
Rhe1 Bxf3 15. gxf3 e5 16. Be3 Bf4 17. Bxf4 Nxf4 18. Rd2 Rd8 19. Rxd8+ Kxd8 20.
Kc1 Ke7 21. Rd1 Rd8 22. Rxd8 Kxd8 23. Kd2 Ke7 24. Ne2 Nh3 25. Ke3 h5 26. f4
Nxf4 27. Nxf4 exf4+ 28. Kxf4 Ke6 29. h4 c5 30. c4 a6 31. a3 b5 32. b3 bxc4 33.
bxc4 a5 34. a4 Kd6 35. f3 Ke6 36. Ke3 g5 37. hxg5 fxg5 38. Kf2 Ke5 39. Kg3 g4
40. fxg4 hxg4 41. Kxg4 Kxe4 42. Kg3 Kd4 43. Kf4 Kxc4 44. Ke4 Kb3 45. Kd3 c4+
46. Kd2 Kb2 0-1

[Event "Club Championships"]
[Site "Wellington Chess Club"]
[Date "2014.12.04"]
[Round "2"]
[White "Nyberg, Michael"]
[Black "Forster, Bill"]
[Result "1-0"]
[WhiteElo "2081"]
[BlackElo "2081"]

1. d4 d6 2. Nf3 Bg4 3. c3 Bxf3 4. gxf3 Nd7 5. Qb3 Rb8 6. e4 Ngf6 7. Be3 e6 8.
Nd2 Be7 9. Be2 O-O 10. Rg1 c5 11. Bh6 Ne8 12. O-O-O cxd4 13. cxd4 Bf6 14. Be3
Qb6 15. Bb5 a6 16. Bxd7 Qc7+ 17. Kb1 Qxd7 18. e5 Be7 19. Bh6 dxe5 20. dxe5 Qd4
21. Qe3 Qxe3 22. fxe3 Kh8 23. Bf4 Nc7 24. Ne4 Nd5 25. Bg5 f6 26. exf6 gxf6 27.
Bh6 Rg8 28. Nd2 Bc5 29. Rxg8+ Rxg8 30. e4 Nb4 31. a3 Nc6 32. Bf4 Rd8 33. Rc1
Bd6 34. Bxd6 Rxd6 35. Nb3 b6 36. Rc3 Kg7 37. Nc1 Kf7 38. Ne2 Ke7 39. Nf4 Ne5
40. h3 Kd7 41. Nh5 Ke7 42. f4 Nc6 43. Ng3 Kd7 44. f5 e5 45. Nh5 Ke7 46. Rg3
Rd1+ {Black lost on time} 1-0

[Event "Club Championships"]
[Site "Wellington Chess Club"]
[Date "2014.12.04"]
[Round "4"]
[White "Rossiter, Philip"]
[Black "Aldridge, Alan"]
[Result "1-0"]
[WhiteElo "1922"]
[BlackElo "1951"]

1. c4 e5 2. g3 Bc5 3. Bg2 Nf6 4. Nc3 c6 5. Nf3 d6 6. O-O h6 7. d4 exd4 8. Nxd4
O-O 9. a3 a5 10. Rb1 Na6 11. Qd3 Bxd4 12. Qxd4 Nc7 13. b4 axb4 14. axb4 d5 15.
cxd5 Ncxd5 16. Nxd5 cxd5 17. Bb2 Be6 18. Rfd1 Qe7 19. Qh4 Rfd8 20. Bxf6 Qxf6
21. Qxf6 gxf6 22. Rd4 Rd7 23. h4 Kg7 24. Rbd1 f5 25. e3 f6 26. Bxd5 Bxd5 27.
Rxd5 Rxd5 28. Rxd5 Kg6 29. Rb5 Rb8 30. Kg2 b6 31. Kf3 Rb7 32. Kf4 1-0

[Event "Club Championships"]
[Site "Wellington Chess Club"]
[Date "2014.12.04"]
[Round "7"]
[White "Barr, Nick"]
[Black "Wight, Joshua"]
[Result "1-0"]
[WhiteElo "1482"]
[BlackElo "1204"]

1. d4 d5 2. c4 c6 3. Nc3 Nf6 4. e3 Bf5 5. cxd5 cxd5 6. Qb3 b6 7. Nge2 e6 8. h3
Bd6 9. g4 Be4 10. Nxe4 Nxe4 11. Nc3 Nf6 12. Bd2 O-O 13. f4 Qe7 14. Bd3 Bb4 15.
O-O-O Rc8 16. Kb1 Bxc3 17. Bxc3 Nc6 18. Qc2 Nb4 19. Bxb4 Qxb4 20. Qg2 Rc7 21.
g5 Nd7 22. e4 Qxd4 23. exd5 Qe3 24. dxe6 Qxe6 25. Qxa8+ Nf8 26. f5 Qe3 27. g6
Rd7 28. gxh7+ 1-0

[Event "Club Championships"]
[Site "Wellington Chess Club"]
[Date "2014.12.11"]
[Round "2"]
[White "Lamerton, Troy"]
[Black "Wight, Joshua"]
[Result "0-1"]
[WhiteElo "1731"]
[BlackElo "1204"]

1. d4 d5 2. c4 Nf6 3. Nc3 c6 4. Bf4 Bf5 5. Qb3 Qd7 6. e3 e6 7. Nf3 b6 8. Ne5
Qc8 9. Qa4 Be7 10. cxd5 exd5 11. Nxc6 Nxc6 12. Qxc6+ Qxc6 13. Bb5 Bd7 14. Bxc6
Bxc6 15. Rc1 O-O 16. a3 Rac8 17. f3 Bb7 18. Kd2 Rfe8 19. Bg3 Bd8 20. Nb5 Rxc1
21. Rxc1 Be7 22. Nxa7 h6 23. Rc7 Ba6 24. Nc6 Bd8 25. Ra7 Bb5 26. Nxd8 Rxd8 27.
Rb7 Bf1 28. Rxb6 Bxg2 29. Ke2 Rc8 30. Be1 Kf8 31. Bb4+ Ke8 32. Bc5 Nd7 33. Rb5
g5 34. Bd6 f5 35. Kf2 Rc2+ 36. Ke1 Bxf3 37. b4 Ra2 38. Ra5 Nb6 39. b5 Nc4 40.
Ra8+ Kd7 41. Bc5 Nxe3 42. Ra7+ Kc8 43. Re7 Re2# 0-1

[Event "Club Championships"]
[Site "Wellington Chess Club"]
[Date "2014.12.11"]
[Round "2"]
[White "Stracy, Don"]
[Black "Jackson, Ross"]
[Result "1-0"]
[WhiteElo "1855"]
[BlackElo "1984"]

1. e4 c5 2. Nf3 e6 3. d4 cxd4 4. Nxd4 Nf6 5. Nc3 d6 6. Be2 Nc6 7. Be3 d5 8.
exd5 Nxd5 9. Nxd5 Qxd5 10. Nxc6 bxc6 11. Bf3 Qa5+ 12. c3 Bd7 13. O-O Rb8 14.
Qd2 Be7 15. Rfd1 Qc7 16. Bf4 1-0

[Event "Club Championships"]
[Site "Wellington Chess Club"]
[Date "2014.12.11"]
[Round "6"]
[White "Nyberg, Michael"]
[Black "Ker, Anthony"]
[Result "0-1"]
[WhiteElo "2081"]
[BlackElo "2435"]

1. d4 d6 2. Nf3 Bg4 3. c4 Nd7 4. Qb3 Rb8 5. Nc3 g6 6. h3 Bxf3 7. gxf3 Bg7 8. e3
c5 9. dxc5 Nxc5 10. Qa3 a5 11. Bd2 b6 12. Rd1 Nf6 13. b4 axb4 14. Qxb4 O-O 15.
Be2 Qd7 16. e4 Ra8 17. h4 Rfb8 18. Qb1 Nh5 19. f4 Nxf4 20. Bxf4 Bxc3+ 21. Kf1
Qe6 22. f3 h5 23. Rd5 Ra5 24. Qc2 Bg7 25. Bd2 Ra6 26. Bg5 Rba8 27. Rd2 Qe5 28.
Kg2 Ne6 29. Be3 Qc3 30. Qb3 Ra3 31. Qxc3 Bxc3 32. Rd3 Be5 33. Rxa3 Rxa3 34. Kf2
Rxa2 35. Rb1 Bd4 36. Rb4 Bc5 37. Rb1 Nf4 0-1

[Event "Club Championships"]
[Site "Wellington Chess Club"]
[Date "2014.12.11"]
[Round "9"]
[White "Barr, Nick"]
[Black "Coghini, Phillip"]
[Result "1/2-1/2"]
[WhiteElo "1482"]
[BlackElo "1747"]

1. d4 c5 2. d5 d6 3. c4 g6 4. e4 Bg7 5. Bd3 Na6 6. a3 Bd7 7. Ne2 Nc7 8. Nbc3 a6
9. Bg5 h6 10. Bh4 b5 11. Rb1 g5 12. Bg3 bxc4 13. Bxc4 Nb5 14. a4 Nd4 15. Nxd4
cxd4 16. Ne2 Rc8 17. b3 Qb6 18. O-O Bg4 19. f3 d3+ 20. Bf2 dxe2 21. Qxe2 Bd4
22. fxg4 Nf6 23. Bxa6 Bxf2+ 24. Rxf2 Rc3 25. Bb5+ Kf8 26. Bc4 Re3 27. Qf1 Rxe4
28. h3 Kg7 29. Kh2 h5 30. Rf5 hxg4 31. Rxg5+ Kf8 32. Qf5 Qe3 33. Qc8+ Ne8 34.
Rxg4 f6 35. Rf1 Qd4 36. Rxe4 Qxe4 37. a5 Rg8 38. Rg1 Qf4+ 39. Kh1 Rh8 40. a6
Qe3 41. Qd7 e6 42. Qxe6 Qxe6 43. dxe6 Nc7 44. Re1 Ke7 45. Ra1 d5 46. Be2 Kxe6
47. b4 Rh4 48. a7 Na8 49. Bg4+ Kd6 50. Ra6+ Kc7 51. Rxf6 Rh7 52. Rf8 Kb7 53.
Bf3 Kxa7 54. Bxd5 Nc7 55. Be4 Re7 56. Bf3 Re1+ 57. Kh2 Rb1 58. Rf7 Kb6 59. Rf5
Rxb4 60. Kg3 Ne8 61. h4 Kc7 62. Rc5+ Kd6 63. Rd5+ Ke6 64. h5 Nf6 65. Ra5 Ke7
66. Kh3 Rf4 67. Ra7+ Kf8 68. h6 Kg8 69. Rg7+ Kh8 70. Bg4 Nxg4 71. Rxg4 Rf6 72.
Rh4 Kh7 73. g4 Rxh6 74. g5 Rxh4+ 75. Kxh4 Kg6 76. Kg4 Kg7 77. Kf5 Kf7 78. g6+
Kg7 79. Kg5 Kg8 80. Kh6 Kh8 81. g7+ Kg8 1/2-1/2

[Event "Club Championships"]
[Site "Wellington Chess Club"]
[Date "2014.12.12"]
[Round "2"]
[White "Croad, Nicolas"]
[Black "Nijman, Brian"]
[Result "0-1"]
[WhiteElo "2368"]
[BlackElo "2180"]

1. d4 e6 2. Nf3 b6 3. g3 Bb7 4. Bg2 c5 5. O-O Nf6 6. c4 cxd4 7. Qxd4 Bc5 8. Qf4
h6 9. Nc3 Nc6 10. b3 Ne7 11. Bb2 Ng6 12. Qd2 O-O 13. Rad1 Qe7 14. Qc1 Rac8 15.
Na4 d5 (15... Bc6 { is safer} ) 16. Nxc5 bxc5 17. Rfe1 Rfd8 18. Ne5 Nxe5 19.
Bxe5 Ne8 20. e3 dxc4 21. Bxb7 Qxb7 22. Qxc4 Rd5 23. Rxd5 exd5 24. Qg4 Rc6 25.
Rd1 Re6 26. Bc3 Nf6 27. Qf5 (27. Bxf6 Rxf6 28. Qh5 Rd6 29. e4 g5 30. h4 d4 31.
hxg5 Qxe4 32. gxh6 Rg6 33. h7+ Kh8 34. Qxc5 Rxg3+ 35. fxg3 Qe3+ 36. Kg2 Qe2+
37. Kh3 Qxd1 38. Qf8+ Kxh7 39. Qxf7+ Kh8 $10) 27... d4 $2 {[right idea, wrong
move order. It was better to play g7-g6 first]}  (27... g6 $1 28. Qd3 Ne4 29.
Bb2 (29. Ba1 Kf8 $5 30. h4 Ra6 31. Qc2 g5 $5 32. f3 Qc7 33. fxe4 Qxg3+ 34. Qg2
Qxe3+ 35. Qf2 Qxf2+ 36. Kxf2 dxe4 { unclear} ) 29... d4 30. exd4 c4 $1 31. Qc2
(31. Qxc4 $6 Nd2 32. Rxd2 Re1+ 33. Qf1 Rxf1+ 34. Kxf1 Qh1+ 35. Ke2 Qe4+ $10)
31... cxb3 32. axb3 (32. Qxb3 $4 Rb6) 32... Qd5 33. Bc1 a5 34. Qd3 (34. Bxh6 g5
35. Qc8+ Kh7 36. Bf8 Qxb3) 34... Nd6 { and it is hard for White to make
progress} ) 28. exd4 g6 29. Qf4 (29. Qc2 $16)  (29. Qd3 Rd6 30. Qe3 Kh7 31. d5
Rxd5 32. Rxd5 Nxd5 33. Qxc5 Nxc3 34. Qxc3) 29... Ne4 $6 (29... Qd5 { [White is
only somewhat better]} ) 30. Bb2 $4 (30. Qf3 $1 Rf6 $4 31. dxc5 $3 Rxf3 32.
Rd8+ Kh7 33. Rh8#) 30... Ng5 31. dxc5 (31. d5 Nh3+ 32. Kf1 Nxf4 33. dxe6 Nxe6)
31... Nh3+ 32. Kf1 Qh1# 0-1

[Event "Summer Cup"]
[Site "Wellington Chess Club"]
[Date "2015.02.05"]
[Round "1"]
[White "Asplet, Mike"]
[Black "Pomeroy, Arthur"]
[Result "0-1"]
[WhiteElo "1582"]
[BlackElo "2105"]

1. e4 c5 2. Nf3 d6 3. d4 cxd4 4. Nxd4 Nf6 5. Nc3 a6 6. Be3 Ng4 7. Nd5 Nxe3 8.
Nxe3 g6 9. c3 Bg7 10. Bc4 O-O 11. O-O Nc6 12. Nf3 b5 13. Bb3 Bb7 14. Qc2 Rc8
15. a3 a5 16. Qd3 Qb6 17. Nd5 Qa7 18. Nd4 Bxd4 19. cxd4 e6 20. Nf6+ Kg7 21. e5
dxe5 22. Nd7 Rfd8 23. Nxe5 Nxe5 24. Qxb5 Nc6 25. d5 Nd4 26. Qd3 Nxb3 27. Qxb3
Bxd5 28. Qg3 Qd4 29. Rab1 Rb8 30. Qc7 a4 31. Rfc1 Qe4 32. Qc3+ e5 33. f3 Qd4+
0-1

[Event "Summer Cup"]
[Site "Wellington Chess Club"]
[Date "2015.02.05"]
[Round "1"]
[White "Aumeier, Beate"]
[Black "Stracy, Don"]
[Result "1/2-1/2"]
[WhiteElo "1226"]
[BlackElo "1863"]

1. e4 c5 2. Bc4 e6 3. Nc3 Nc6 4. Nf3 Nf6 5. d3 d6 6. h3 Be7 7. Be3 $2 {Beate
had equality, but this move should lose material} 7... Bd7 $2 ( {missing the
fairly obvious} 7... d5 { followed by d4} ) 8. Qd2 {all level again} 8... a6 9.
Bb3 b5 10. a3 O-O 11. g4 $1 {maybe not objectively the best, but this sort of
mindless agression was certain to disconcert white's opponent!} 11... Na5 $6
{not sure what the plan was sticking the knight out on the edge of the board }
12. Ba2 Bc6 (12... d5 13. exd5 exd5 14. Nxd5 Bc6 15. Nxe7+ Qxe7 16. Qxa5 Bxf3
17. Rg1 {quite a dynamic position, fairly even} ) 13. Rg1 d5 {at last!} 14. g5
Ne8 (14... Nh5 {is also possible} ) 15. exd5 exd5 16. Ne2 $6 (16. Bf4 d4 17.
Ne4 Bxe4 18. dxe4 Nc4 19. Bxc4 bxc4 {maybe slightly more promising for black} )
16... d4 {the double attack means black wins material, but there are
compensations} 17. Nexd4 cxd4 18. Nxd4 Bd7 19. g6 $1 hxg6 20. Rxg6 Nc6 $4 {here
the knight simply gets taken!}  (20... Nc4 21. dxc4 fxg6 22. cxb5+ Kh7 {is hair
raising, but seems to work} ) 21. Nxc6 Bxc6 22. Rxc6 Qd7 23. Rg6 Bf6 24. O-O-O
$1 Nd6 $4 {this knight was guarding the bishop, but it was difficult to find a
good plan for black} 25. Bh6 ( {not bad, but} 25. Rxf6 $3 { wins spectacularly}
25... gxf6 26. Rg1+ Kh7 27. Qb4 $1 Qxh3 28. Qe1 $1) 25... Nf5 26. Rdg1 Qd4 27.
c3 Rac8 28. Kb1 Qe5 29. Bg5 ( {a hard position to analyse, eg} 29. d4 Qe4+ 30.
Ka1 Rc6 31. R6g4) 29... Kh7 30. Bxf6 gxf6 31. R6g4 Rg8 32. Qc1 (32. Bxf7 Rxg4
33. Rxg4 Nh6 34. Bg6+ Kg7 35. d4 Qe7 36. Rg1 {wins} ) 32... Rxg4 33. hxg4 Nh6
34. g5 (34. Rh1 Qg5 35. f4 Qxg4 36. Bxf7 {is also winning. Black now starts to
claw his way back into the game} ) 34... fxg5 35. Rxg5 Qf6 36. Qe3 Rc7 37. Rh5
(37. Bd5 {preparing Be4+ and preventing Rc6 is good} ) 37... Rc6 38. Bd5 Rd6
39. Be4+ Kg7 40. Qg3+ Kf8 41. Rc5 Ke7 42. Bb7 Rd7 43. Bxa6 $6 Qxa6 {I don't
know if Beate saw her bishop could be taken} 44. Qe3+ (44. Qe5+ Qe6 45. Qg5+ f6
(45... Kf8 $4 46. Rc8+)  (45... Qf6 $4 46. Re5+) 46. Qxh6 {regains the piece
with a winning position} ) 44... Kf8 45. Re5 Rd8 46. Qc5+ Qd6 47. d4 Qxc5 48.
Rxc5 Rb8 49. d5 Nf5 50. Rc6 Ke7 51. c4 {black is now slightly winning, but a
draw was agreed} 1/2-1/2

[Event "Summer Cup"]
[Site "Wellington Chess Club"]
[Date "2015.02.05"]
[Round "1"]
[White "Forster, Bill"]
[Black "Rose, Nathan"]
[Result "1-0"]
[WhiteElo "2081"]
[BlackElo "1469"]

1. Nf3 d5 2. b3 {Facing an opening you're totally unfamiliar with almost always
happens when your opponent is much weaker or much stronger than you. It betrays
that your opponent either possesses deep knowledge or a total lack of it
(transparently demonstrated when you face something like 1. a4 or 1. f3 against
a casual player). Got to love that feeling when right from move 2, the bloke
who is rated 600 points higher than you already has you out of book - and you
know he'll be ready to whack you on the head if you do something daft early on.
} 2... Nc6 {Apparently this is not a 'book' reply, but I don't see anything
wrong with it (nor does my analysis engine). I figure White's idea with this
opening (probably with a nomenclature of a long-dead chess boffin) must be to
fight for d4 and e5. The lesson is: ***if you find yourself out of book on an
opening, just stop, and try to think what your opponent is trying to do. Then
try and stop them.*** Simple, right?} 3. Bb2 Nf6 4. g3 b6 {Fianchettoing... two
can play at that game! } 5. Bg2 Bb7 6. O-O e6 7. c4 Be7 ( {Exchanging would be
the wrong option for Black.} 7... dxc4 8. bxc4 {gives White a nice center} ) 8.
d3 O-O 9. Nbd2 Rb8 {The idea of this little move was to free my c6 Knight from
being the front part of a pin against my light squared bishop some time in the
future. It's as good a move as any in a quiet position like this.} 10. cxd5
exd5 11. e4 {The expected central break, but it does create a backward pawn on
d3...} 11... Nb4 $1 12. Ne5 {Here I had a few candidate moves to consider.}
12... Bd6 { Happily, I made the best move. Glad I took my time to weigh them
up.}  (12... Nd7 13. Ndf3 Nxe5 14. Nxe5 {doesn't achieve what I want, namely
eliminating the knight from the critical e5 square. It also means the d3 pawn
I'm targeting has the queen defending it now, allowing White to play a3 at some
point to chase my knight away.} )  (12... dxe4 13. dxe4 {Simply relieves the
tension.} ) 13. exd5 ( {I also calculated} 13. Ndf3 $2 dxe4 14. dxe4 Nxe4 {
would be great for Black. White doesn't oblige, though.} ) 13... Bxe5 (13...
Bxd5 { is marginally weaker than the move I played, as it allows} 14. d4
{meaning that White knight will be hard to shift.} )  (13... Nbxd5 {Rejected as
I wanted to keep the pressure on d3} ) 14. Bxe5 Nxd3 15. Bxf6 {White wouldn't
want to give up this powerful bishop, but any other move will see the d5 pawn
drop.} 15... Qxf6 (15... gxf6 $2 16. Qh5 $1 {doesn't even let me get the e5
pawn I crave, which would be the only reason for considering it instead of
Qxf6.} ) 16. Qc2 Qd4 { Trying to keep up the pressure on both d5 and f2.}  (
16... Nxf2 {is so, so tempting. But ***always be very careful in any situation
where you create a pin for yourself***!} 17. Ne4 $1 { And White will win a
piece.}  ( {Hoping for} 17. Rxf2 Qxa1+ {explains why it's so tempting.} ) )  (
16... Nb4 $1 {is even better.*** Patience is a virtue, at times.***} 17. Qxc7
Nxd5) 17. Qc4 $1 {Forster forces queens to be exchanged. Have to hand it to
him, this relieves quite a lot of pressure from White} 17... Qxc4 (17... Nf4 $6
{is an interesting line. Not actually better than what I played on the table,
but much appealing to the aesthete.} 18. Qxd4 (18. gxf4 Qxd2) 18... Ne2+ 19.
Kh1 Nxd4) 18. bxc4 Rfe8 19. Be4 {Clearly White wants to chase this troublesome
knight out of his feifdom.} 19... Ne5 20. Rfe1 {Well here I am at move 20 and
my position is even against a much stronger opponent. The analysis engine
reckons I've hardly made a single mistake until this point. I'm also well ahead
on time. It's hard to see what to do next though, both defenses look pretty
solid.} 20... Rbd8 $6 (20... g6 { is rated slightly better, to prepare f5} )
21. f4 {Forster decides to do a spot of knight chasing, perhaps to gain tempos
to advance his pawns a bit.} 21... Ng4 22. h3 Nf6 23. Bg2 a5 {At this point I
was contemplating offering a draw. Is that acceptable etiquite, for a player in
the 1400's to offer a draw to someone who plays in A grade and designed the
very software I'm writing this didactic on?! The position looks static and
material is equal. To be honest I was stoked to be doing this well.} 24. Nb3
Ba6 25. c5 $6 Nxd5 $4 {Alackaday! Forster was in time trouble and I assumed
he'd simply left d5 undefended in his haste. I grabbed the pawn and immediately
wished I hadn't. Sadly, my back-rank problems means this blunder costs me a
piece.  }  (25... a4 $1 {Causes problems which could give Black a slight edge }
26. Nd2 (26. cxb6 axb3 27. bxc7) 26... bxc5) 26. Bxd5 {To be expected, the
blunder is swooped on like an owl on a field mouse.} 26... a4 (26... Rxd5 27.
Rxe8#)  (26... Rxe1+ 27. Rxe1 Rxd5 28. Re8#) 27. Nd4 bxc5 28. Nc6 $1 {A very
strong move, threatening all sorts of dastardly schemes. I now have to get the
move order right, or the game will end quickly.} 28... Rxe1+ (28... Rc8 $4 29.
Ne7+ Kh8 30. Nxc8)  (28... Ra8 $4 29. Ne7+ Kh8 30. Bxa8) 29. Rxe1 Rf8 30. Re7
c4 31. Ne5 c3 {One last bid for glory!} 32. Rxc7 Rc8 $1 {It was only luck that
my bishop covered c8 to allow this move, but it's a fighting move. After doing
so well for the first 24 moves, I figure I'm entitled to take this one to the
endgame.} 33. Rxc8+ (33. Rxf7 $1 {would have been brave indeed, given my c-pawn
is on the march. Forster's Rxc8+ isn't as strong, but avoids a lot of
complications - wise given time was short.} 33... Kh8 (33... c2 34. Rf6+ Kh8
35. Nf7+ Kg8 36. Nd8+ Kh8 37. Rf8# {is a pretty stunning checkmate!} ) ) 33...
Bxc8 34. Be4 $2 (34. Bxf7+ {is surely better. Take a pawn off the board while
you can!} ) 34... f6 35. Nd3 Bxh3 36. Kf2 Be6 37. Nc1 g6 38. Ke3 Bf5 $4 {The
final straw. I should have kept the bishops on the board, if only to abide by
the very basic principle of 'keep material on the board if behind, in order to
maximise complexity'. Swapping bishops also results in doubled pawns.}  (38...
a3 39. Kd3 Kg7 40. Kxc3 g5 {gives Black some counterplay on the kingside.} )
39. Bxf5 gxf5 40. Kd3 Kf7 41. Kxc3 Ke6 {Now watch Forster's neat finish, where
he locks my King away into a prison before pulling the trigger on my a-pawn. }
42. Kd4 Kf7 43. a3 Kg6 44. Ke3 Kh5 45. Kf3 h6 46. Nd3 Kg6 47. Nc5 {So often the
internal zoilism is strongest when you do well but ultimately lose, but I
didn't feel that way on this occasion. Funny to say in a loss, but this game
was a zenith for matching it for a long time against a powerful foe. "It was
close - but that's the way it is in war. You win or lose, live or die — and the
difference is just an eyelash". - Douglas MacArthur} 1-0